Les Maires des plus grandes villes de France en 2025 - Statistiques

Statistiques générales
  • Ce quiz a été pris 47 fois
  • Le résultat moyen est 9 sur 16
Statistiques - réponses
Par images Réponse % Correct
Anne Hidalgo
100%
Édouard Philippe
92%
Martine Aubry
90%
Christian Estrosi
74%
Benoît Payan
59%
Grégory Doucet
59%
Johanna Rolland
59%
Éric Piolle
56%
Jean-Luc Moudenc
49%
Jeanne Barseghian
41%
Pierre Hurmic
41%
Michaël Delafosse
36%
Nathalie Appéré
31%
Arnaud Robinet
28%
Gaël Perdriau
28%
Hubert Falco
28%
Aucun quiz correspondant
Distribution des résultats
% des personnes avec chaque résultat
Percentile par nombre de réponses
Votre historique - résultats
Vous n’avez pas pris ce quiz